000 00280nam a22001337a 4500
008 170130b xxu||||| |||| 00| 0 eng d
020 _a0721661815
041 _aeng
080 _a61
100 _a3
101 _aSHMI
245 _aEPIDEMIOLOGY
_cMAUSNER & BAHN
942 _2udc
_cBK
999 _c3998
_d3998